Đang tải...

Model business letters

Chi tiết về thư mục
Tác giả chính: Gartside, L
Định dạng: Printed Book
Ngôn ngữ:Undetermined
Được phát hành: London Macdonald and evans ltd 1981
LEADER 00522nam a2200145Ia 4500
008 161229s9999 xx 000 0 und d
020 |a 0712112677 
082 |a 651.75 GAR/MO 
100 |a Gartside, L 
245 |a Model business letters 
260 |b Macdonald and evans ltd  |a London  |c 1981 
300 |a xiv, 530 
942 |c BK 
999 |c 150007  |d 150007 
952 |0 0  |1 0  |4 0  |6 651_750000000000000_GARMO  |7 0  |9 149047  |a KAUCLV  |b KAUCLV  |d 2016-12-29  |o 651.75 GAR/MO  |p 901316  |r 2016-12-29  |w 2016-12-29  |y BK  |z Book transferred from CCBM Library ,Acc.No:1745